| Tag |
First Indicator |
Second Indicator |
Subfields |
| LEADER |
00000cam a2200000 a 4500 |
| 001 |
in00001061321 |
| 005 |
20150929092205.0 |
| 008 |
820107s1980 txua s00000 eng d |
| 035 |
|
|
|a (OCoLC)08045558
|
| 035 |
|
|
|9 AFM2851AM
|
| 040 |
|
|
|a IKM
|c IKM
|d UtOrBLW
|
| 043 |
|
|
|a n-us-tx
|
| 049 |
|
|
|a IKMd
|
| 099 |
|
|
|a P400.8
|a Ou8
|a 1980
|
| 110 |
1 |
|
|a Texas.
|b Parks and Wildlife Department.
|b Consumer Planning Section.
|
| 245 |
1 |
0 |
|a 1980 Texas outdoor recreation plan /
|c conducted by Consumer Planning Section, Comprehensive Planning Branch ; with staff assistance from Resource Planning Section, and Statewide Planning and Coordination Section of the Comprehensive Planning Branch ; under direction of Head, Comprehensive Planning Branch.
|
| 264 |
|
1 |
|a Austin, Tex. :
|b The Branch,
|c 1980.
|
| 300 |
|
|
|a 25 volumes :
|b illustrations ;
|c 28 cm.
|
| 336 |
|
|
|a text
|b txt
|2 rdacontent
|
| 337 |
|
|
|a unmediated
|b n
|2 rdamedia
|
| 338 |
|
|
|a volume
|b nc
|2 rdacarrier
|
| 490 |
1 |
|
|a PWD plan ;
|v 4000-194 - 4000-218
|
| 500 |
|
|
|a Folded map in pocket of volume nos. 1-24.
|
| 500 |
|
|
|a Region 1 : Panhandle region; Region 2 : South Plains region; Region 3 : North Texas region.
|
| 650 |
|
0 |
|a Outdoor recreation
|z Texas.
|
| 710 |
1 |
|
|a Texas.
|b Parks and Wildlife Department.
|b Comprehensive Planning Branch.
|
| 740 |
0 |
|
|a Texas outdoor recreation plan.
|
| 830 |
|
0 |
|a PWD plan ;
|v 4000-194 - 4000-218.
|
| 999 |
|
|
|a MARS
|
| 999 |
f |
f |
|s 5f1fe940-ac41-3369-8571-cfe4185515f5
|i 78f18c95-fe9b-3f69-9032-f4cdcadf7d03
|t 0
|
| 952 |
f |
f |
|p normal
|a Texas A&M University
|b College Station
|c Sterling C. Evans Library
|d Evans: Texas Documents (Annex 5th floor)
|t 0
|e P400.8 Ou8 1980
|h Other scheme
|i unmediated -- volume
|k no.14
|m A14815879932
|
| 952 |
f |
f |
|p normal
|a Texas A&M University
|b College Station
|c Sterling C. Evans Library
|d Evans: Texas Documents (Annex 5th floor)
|t 0
|e P400.8 Ou8 1980
|h Other scheme
|i unmediated -- volume
|k no.6
|m A14815879843
|
| 952 |
f |
f |
|p normal
|a Texas A&M University
|b College Station
|c Sterling C. Evans Library
|d Evans: Texas Documents (Annex 5th floor)
|t 0
|e P400.8 Ou8 1980
|h Other scheme
|i unmediated -- volume
|k no.13
|m A14815879885
|
| 952 |
f |
f |
|p normal
|a Texas A&M University
|b College Station
|c Sterling C. Evans Library
|d Evans: Texas Documents (Annex 5th floor)
|t 0
|e P400.8 Ou8 1980
|h Other scheme
|i unmediated -- volume
|k no.5
|m A14815879796
|
| 952 |
f |
f |
|p normal
|a Texas A&M University
|b College Station
|c Sterling C. Evans Library
|d Evans: Texas Documents (Annex 5th floor)
|t 0
|e P400.8 Ou8 1980
|h Other scheme
|i unmediated -- volume
|k no.12
|m A14815879835
|
| 952 |
f |
f |
|p normal
|a Texas A&M University
|b College Station
|c Sterling C. Evans Library
|d Evans: Texas Documents (Annex 5th floor)
|t 0
|e P400.8 Ou8 1980
|h Other scheme
|i unmediated -- volume
|k no.1
|m A14815879958
|
| 952 |
f |
f |
|p normal
|a Texas A&M University
|b College Station
|c Sterling C. Evans Library
|d Evans: Texas Documents (Annex 5th floor)
|t 0
|e P400.8 Ou8 1980
|h Other scheme
|i unmediated -- volume
|k no.21
|m A14815881141
|
| 952 |
f |
f |
|p normal
|a Texas A&M University
|b College Station
|c Sterling C. Evans Library
|d Evans: Texas Documents (Annex 5th floor)
|t 0
|e P400.8 Ou8 1980
|h Other scheme
|i unmediated -- volume
|k no.15
|m A14815881476
|
| 952 |
f |
f |
|p normal
|a Texas A&M University
|b College Station
|c Sterling C. Evans Library
|d Evans: Texas Documents (Annex 5th floor)
|t 0
|e P400.8 Ou8 1980
|h Other scheme
|i unmediated -- volume
|k no.17
|m A14815881044
|
| 952 |
f |
f |
|p normal
|a Texas A&M University
|b College Station
|c Sterling C. Evans Library
|d Evans: Texas Documents (Annex 5th floor)
|t 0
|e P400.8 Ou8 1980
|h Other scheme
|i unmediated -- volume
|k no.20
|m A14815881109
|
| 952 |
f |
f |
|p normal
|a Texas A&M University
|b College Station
|c Sterling C. Evans Library
|d Evans: Texas Documents (Annex 5th floor)
|t 0
|e P400.8 Ou8 1980
|h Other scheme
|i unmediated -- volume
|k no.4
|m A14815879801
|
| 952 |
f |
f |
|p normal
|a Texas A&M University
|b College Station
|c Sterling C. Evans Library
|d Evans: Texas Documents (Annex 5th floor)
|t 0
|e P400.8 Ou8 1980
|h Other scheme
|i unmediated -- volume
|k no.22
|m A14815881159
|
| 952 |
f |
f |
|p normal
|a Texas A&M University
|b College Station
|c Sterling C. Evans Library
|d Evans: Texas Documents (Annex 5th floor)
|t 0
|e P400.8 Ou8 1980
|h Other scheme
|i unmediated -- volume
|k no.19
|m A14815881094
|
| 952 |
f |
f |
|p normal
|a Texas A&M University
|b College Station
|c Sterling C. Evans Library
|d Evans: Texas Documents (Annex 5th floor)
|t 0
|e P400.8 Ou8 1980
|h Other scheme
|i unmediated -- volume
|k no.16
|m A14815881523
|
| 952 |
f |
f |
|p normal
|a Texas A&M University
|b College Station
|c Sterling C. Evans Library
|d Evans: Texas Documents (Annex 5th floor)
|t 0
|e P400.8 Ou8 1980
|h Other scheme
|i unmediated -- volume
|k no.11
|m A14815879788
|
| 952 |
f |
f |
|p normal
|a Texas A&M University
|b College Station
|c Sterling C. Evans Library
|d Evans: Texas Documents (Annex 5th floor)
|t 0
|e P400.8 Ou8 1980
|h Other scheme
|i unmediated -- volume
|k no.18
|m A14815881052
|
| 952 |
f |
f |
|p normal
|a Texas A&M University
|b College Station
|c Sterling C. Evans Library
|d Evans: Texas Documents (Annex 5th floor)
|t 0
|e P400.8 Ou8 1980
|h Other scheme
|i unmediated -- volume
|k no.3
|m A14815879851
|
| 952 |
f |
f |
|p normal
|a Texas A&M University
|b College Station
|c Sterling C. Evans Library
|d Evans: Texas Documents (Annex 5th floor)
|t 0
|e P400.8 Ou8 1980
|h Other scheme
|i unmediated -- volume
|k no.2
|m A14815879908
|
| 952 |
f |
f |
|p normal
|a Texas A&M University
|b College Station
|c Sterling C. Evans Library
|d Evans: Texas Documents (Annex 5th floor)
|t 0
|e P400.8 Ou8 1980
|h Other scheme
|i unmediated -- volume
|k no.23
|m A14815881191
|
| 952 |
f |
f |
|p normal
|a Texas A&M University
|b College Station
|c Sterling C. Evans Library
|d Evans: Texas Documents (Annex 5th floor)
|t 0
|e P400.8 Ou8 1980
|h Other scheme
|i unmediated -- volume
|k no.9
|m A14815879940
|
| 952 |
f |
f |
|p normal
|a Texas A&M University
|b College Station
|c Sterling C. Evans Library
|d Evans: Texas Documents (Annex 5th floor)
|t 0
|e P400.8 Ou8 1980
|h Other scheme
|i unmediated -- volume
|k no.8
|m A14815765256
|
| 952 |
f |
f |
|p normal
|a Texas A&M University
|b College Station
|c Sterling C. Evans Library
|d Evans: Texas Documents (Annex 5th floor)
|t 0
|e P400.8 Ou8 1980
|h Other scheme
|i unmediated -- volume
|k no.24
|m A14815881206
|
| 952 |
f |
f |
|p normal
|a Texas A&M University
|b College Station
|c Sterling C. Evans Library
|d Evans: Texas Documents (Annex 5th floor)
|t 0
|e P400.8 Ou8 1980
|h Other scheme
|i unmediated -- volume
|k no.10
|m A14815879990
|
| 952 |
f |
f |
|p normal
|a Texas A&M University
|b College Station
|c Sterling C. Evans Library
|d Evans: Texas Documents (Annex 5th floor)
|t 0
|e P400.8 Ou8 1980
|h Other scheme
|i unmediated -- volume
|k no.7
|m A14815879893
|
| 952 |
f |
f |
|p normal
|a Texas A&M University
|b College Station
|c Sterling C. Evans Library
|d Evans: Texas Documents (Annex 5th floor)
|t 0
|e P400.8 Ou8 1980
|h Other scheme
|i unmediated -- volume
|k sum.
|m A14814878129
|
| 998 |
f |
f |
|a P400.8 Ou8 1980
|s no.1-no.24
|t 0
|l Evans: Texas Documents (Annex 5th floor)
|